Women entrepreneurs development / (Record no. 41748)

MARC details
000 -LEADER
fixed length control field 00711nam a22002057a 4500
005 - DATE AND TIME OF LATEST TRANSACTION
control field 20100813162249.0
010 ## - LCCN (DPL NO)
LC control number ENG-100367
020 ## - INTERNATIONAL STANDARD BOOK NUMBER
International Standard Book Number 9788190745529
Terms of availability 125.00
035 ## - SYSTEM CONTROL NUMBER
System control number EN-83899
037 ## - SOURCE OF ACQUISITION
Source of stock number/acquisition DBAD/PUB
082 ## - DEWEY DECIMAL CLASSIFICATION NUMBER
Classification number 658.421082
100 ## - MAIN ENTRY--PERSONAL NAME
Personal name Veerappan, S.
245 ## - TITLE STATEMENT
Title Women entrepreneurs development /
Statement of responsibility, etc by S. Veerappan
260 ## - PUBLICATION, DISTRIBUTION, ETC. (IMPRINT)
Place of publication, distribution, etc Perambalur
Name of publisher, distributor, etc Yazhuni Veliyeedu
Date of publication, distribution, etc 2008
270 ## - ADDRESS
Address Velur
City Perambalur
Postal code 621104
300 ## - PHYSICAL DESCRIPTION
Extent 87p.
Dimensions 20cm (pbk)
650 ## - SUBJECT ADDED ENTRY--TOPICAL TERM
Topical term or geographic name as entry element Women entrepreneurs
942 ## - ADDED ENTRY ELEMENTS (KOHA)
Source of classification or shelving scheme Dewey Decimal Classification
Item type English Books
Classification part 658.421082
Call number suffix VEE
Holdings
Withdrawn status Lost status Not for loan Collection code Home library Current library Date acquired Source of acquisition Cost, normal purchase price Full call number Barcode Copy number Cost, replacement price Koha item type
    Not For Loan Non-fiction D.B.Act.Division D.B.Act.Division 13/08/2010 DBAD/PUB 125.00 658.421082 VEE EN-83899 1 125.00 English Books

© Delhi Public Library
Hit Counter
free hit counter